Klubowe Mistrzostwa Świata 2025 - wszystkie kluby - Statystyki

Ogólne statystyki
  • Ten quiz został rozwiązany 71 razy
    52 od ostatniego zresetowania
  • Średni wynik to 17 z 32
Statystyki odpowiedzi
Federacja Odpowiedź % Poprawnych
UEFA Real Madryt
95%
UEFA FC Bayern Monachium
90%
UEFA Paris Saint-Germain
90%
UEFA Chelsea Londyn
82%
UEFA Manchester City
82%
UEFA Juventus Turyn
77%
UEFA Inter Mediolan
74%
UEFA Borussia Dortmund
72%
UEFA Atletico Madryt
69%
CONCACAF Inter Miami
67%
AFC Al-Hilal
62%
UEFA Benfica Lizbona
62%
CONMEBOL SE Palmeiras
62%
CONMEBOL CR Flamengo
59%
UEFA FC Porto
59%
CONMEBOL Botafogo FR
56%
CONMEBOL CA Boca Juniors
56%
CONCACAF Los Angeles FC
51%
CONMEBOL River Plate
51%
UEFA Red Bull Salzburg
49%
OFC Auckland City
46%
CONCACAF Seattle Sounders
41%
CONMEBOL CF Pachuca
36%
AFC Urawa Red Diamonds
36%
CAF Al-Ahly Kair
33%
CONMEBOL Fluminense FC
33%
CONCACAF CF Monterrey
31%
AFC Al-Ain FC
28%
CAF Esperance Tunis
21%
AFC Ulsan Hyundai
21%
CAF Wydad Casablanca
15%
CAF Mamelodi Sundowns
13%
Nie znaleziono quizów pasujących do podanych kryteriów
Rozkład punktacji
Procent ludzi z każdym wynikiem
Percentyl według liczby udzielonych odpowiedzi
Twoja historia wyników
Nie rozwiązałeś tego quizu od ostatniego zresetowania